Normal view MARC view
  • Akhter, Saleem

Entry Personal Name

Number of records used in: 1

001 - CONTROL NUMBER

  • control field: 16641

003 - CONTROL NUMBER IDENTIFIER

  • control field: NUST

005 - DATE AND TIME OF LATEST TRANSACTION

  • control field: 20190704051210.0

008 - FIXED-LENGTH DATA ELEMENTS

  • fixed length control field: 190704|| aca||aabn | a|a d

040 ## - CATALOGING SOURCE

  • Original cataloging agency: NUST
  • Transcribing agency: NUST

100 ## - HEADING--PERSONAL NAME

  • Personal name: Akhter, Saleem

670 ## - SOURCE DATA FOUND

  • Source citation: Work cat.: (NUST): Akhter, Saleem, Pakistani Adab 1993 : Hisa Nasar /, 1994.
© 2023 Central Library, National University of Sciences and Technology. All Rights Reserved.